<?xml version="1.0" encoding="UTF-8"?>
<record
    xmlns:xsi="http://www.w3.org/2001/XMLSchema-instance"
    xsi:schemaLocation="http://www.loc.gov/MARC21/slim http://www.loc.gov/standards/marcxml/schema/MARC21slim.xsd"
    xmlns="http://www.loc.gov/MARC21/slim">

  <leader>01616    a2200313   4500</leader>
  <controlfield tag="003">NALT</controlfield>
  <controlfield tag="005">20221010162027.0</controlfield>
  <controlfield tag="008">200804b        th ||||| |||| 00| 0 tha d</controlfield>
  <datafield tag="020" ind1=" " ind2=" ">
    <subfield code="a">9786162834486</subfield>
  </datafield>
  <datafield tag="040" ind1=" " ind2=" ">
    <subfield code="a">NALT</subfield>
  </datafield>
  <datafield tag="041" ind1="0" ind2=" ">
    <subfield code="a">thaeng</subfield>
  </datafield>
  <datafield tag="050" ind1=" " ind2=" ">
    <subfield code="a">GN 855.T45</subfield>
    <subfield code="b">&#xE19;122 2562</subfield>
  </datafield>
  <datafield tag="245" ind1="0" ind2="0">
    <subfield code="a">&#xE19;&#xE04;&#xE23;&#xE23;&#xE31;&#xE10;&#xE44;&#xE17;&#xE22;&#xE1A;&#xE19;&#xE41;&#xE1C;&#xE48;&#xE19;&#xE14;&#xE34;&#xE19;&#xE2A;&#xE38;&#xE27;&#xE23;&#xE23;&#xE13;&#xE20;&#xE39;&#xE21;&#xE34; /</subfield>
    <subfield code="c">&#xE1A;&#xE23;&#xE23;&#xE13;&#xE32;&#xE18;&#xE34;&#xE01;&#xE32;&#xE23; &#xE2A;&#xE21;&#xE0A;&#xE32;&#xE22; &#xE13; &#xE19;&#xE04;&#xE23;&#xE1E;&#xE19;&#xE21;, &#xE1E;&#xE31;&#xE0A;&#xE23;&#xE34;&#xE19;&#xE17;&#xE23;&#xE4C; &#xE28;&#xE38;&#xE02;&#xE1B;&#xE23;&#xE30;&#xE21;&#xE39;&#xE25;, &#xE40;&#xE14;&#xE48;&#xE19;&#xE14;&#xE32;&#xE27; &#xE28;&#xE34;&#xE25;&#xE1B;&#xE32;&#xE19;&#xE19;&#xE17;&#xE4C;.</subfield>
  </datafield>
  <datafield tag="246" ind1="3" ind2="1">
    <subfield code="a">Glorious Thai Kingdoms since 13th century</subfield>
  </datafield>
  <datafield tag="250" ind1=" " ind2=" ">
    <subfield code="a">&#xE1E;&#xE34;&#xE21;&#xE1E;&#xE4C;&#xE04;&#xE23;&#xE31;&#xE49;&#xE07;&#xE41;&#xE23;&#xE01;</subfield>
  </datafield>
  <datafield tag="260" ind1=" " ind2=" ">
    <subfield code="a">&#xE19;&#xE04;&#xE23;&#xE1B;&#xE10;&#xE21; :</subfield>
    <subfield code="b">&#xE01;&#xE23;&#xE21;&#xE28;&#xE34;&#xE25;&#xE1B;&#xE32;&#xE01;&#xE23; &#xE01;&#xE23;&#xE30;&#xE17;&#xE23;&#xE27;&#xE07;&#xE27;&#xE31;&#xE12;&#xE19;&#xE18;&#xE23;&#xE23;&#xE21;.</subfield>
    <subfield code="c">2562.</subfield>
  </datafield>
  <datafield tag="300" ind1=" " ind2=" ">
    <subfield code="a">198 &#xE2B;&#xE19;&#xE49;&#xE32; :</subfield>
    <subfield code="b">&#xE20;&#xE32;&#xE1E;&#xE1B;&#xE23;&#xE30;&#xE01;&#xE2D;&#xE1A; ;</subfield>
    <subfield code="c">28 &#xE0B;&#xE21;.</subfield>
  </datafield>
  <datafield tag="650" ind1=" " ind2="4">
    <subfield code="9">46399</subfield>
    <subfield code="a">&#xE21;&#xE32;&#xE19;&#xE38;&#xE29;&#xE22;&#xE27;&#xE34;&#xE17;&#xE22;&#xE32; </subfield>
    <subfield code="z">&#xE44;&#xE17;&#xE22; </subfield>
  </datafield>
  <datafield tag="650" ind1=" " ind2="4">
    <subfield code="9">42384</subfield>
    <subfield code="a">&#xE42;&#xE1A;&#xE23;&#xE32;&#xE13;&#xE04;&#xE14;&#xE35; </subfield>
    <subfield code="z">&#xE44;&#xE17;&#xE22;</subfield>
  </datafield>
  <datafield tag="650" ind1=" " ind2="4">
    <subfield code="9">46400</subfield>
    <subfield code="a">&#xE40;&#xE04;&#xE23;&#xE37;&#xE48;&#xE2D;&#xE07;&#xE21;&#xE37;&#xE2D;&#xE40;&#xE04;&#xE23;&#xE37;&#xE48;&#xE2D;&#xE07;&#xE43;&#xE0A;&#xE49;&#xE42;&#xE25;&#xE2B;&#xE30; </subfield>
    <subfield code="z">&#xE44;&#xE17;&#xE22; </subfield>
  </datafield>
  <datafield tag="650" ind1=" " ind2="0">
    <subfield code="a">&#xE42;&#xE1A;&#xE23;&#xE32;&#xE13;&#xE04;&#xE14;&#xE35;&#xE01;&#xE31;&#xE1A;&#xE1B;&#xE23;&#xE30;&#xE27;&#xE31;&#xE15;&#xE34;&#xE28;&#xE32;&#xE2A;&#xE15;&#xE23;&#xE4C; </subfield>
    <subfield code="z">&#xE44;&#xE17;&#xE22;</subfield>
    <subfield code="9">46403</subfield>
  </datafield>
  <datafield tag="651" ind1=" " ind2="0">
    <subfield code="9">4350</subfield>
    <subfield code="a">&#xE44;&#xE17;&#xE22;</subfield>
    <subfield code="x">&#xE1B;&#xE23;&#xE30;&#xE27;&#xE31;&#xE15;&#xE34;&#xE28;&#xE32;&#xE2A;&#xE15;&#xE23;&#xE4C;</subfield>
  </datafield>
  <datafield tag="700" ind1="0" ind2=" ">
    <subfield code="a">&#xE2A;&#xE21;&#xE0A;&#xE32;&#xE22; &#xE13; &#xE19;&#xE04;&#xE23;&#xE1E;&#xE19;&#xE21;</subfield>
    <subfield code="9">46364</subfield>
  </datafield>
  <datafield tag="700" ind1="0" ind2=" ">
    <subfield code="a">&#xE1E;&#xE31;&#xE0A;&#xE23;&#xE34;&#xE19;&#xE17;&#xE23;&#xE4C; &#xE28;&#xE38;&#xE02;&#xE1B;&#xE23;&#xE30;&#xE21;&#xE39;&#xE25;</subfield>
    <subfield code="9">34721</subfield>
  </datafield>
  <datafield tag="700" ind1="0" ind2=" ">
    <subfield code="9">3712</subfield>
    <subfield code="a">&#xE40;&#xE14;&#xE48;&#xE19;&#xE14;&#xE32;&#xE27; &#xE28;&#xE34;&#xE25;&#xE1B;&#xE32;&#xE19;&#xE19;&#xE17;&#xE4C;</subfield>
  </datafield>
  <datafield tag="850" ind1=" " ind2=" ">
    <subfield code="a">NALT</subfield>
  </datafield>
  <datafield tag="942" ind1=" " ind2=" ">
    <subfield code="2">lcc</subfield>
    <subfield code="c">GB</subfield>
  </datafield>
  <datafield tag="998" ind1=" " ind2=" ">
    <subfield code="a">phon</subfield>
    <subfield code="b">phon</subfield>
    <subfield code="c">phon</subfield>
    <subfield code="j">104</subfield>
    <subfield code="k"> &#xE19;&#xE32;&#xE07;&#xE2A;&#xE32;&#xE27;&#xE2A;&#xE32;&#xE22;&#xE1D;&#xE19;  &#xE14;&#xE35;&#xE07;&#xE32;&#xE21;</subfield>
  </datafield>
  <datafield tag="999" ind1=" " ind2=" ">
    <subfield code="c">97392</subfield>
    <subfield code="d">97392</subfield>
  </datafield>
  <datafield tag="952" ind1=" " ind2=" ">
    <subfield code="0">0</subfield>
    <subfield code="1">0</subfield>
    <subfield code="2">lcc</subfield>
    <subfield code="4">0</subfield>
    <subfield code="7">0</subfield>
    <subfield code="8">CGBL</subfield>
    <subfield code="a">NALT</subfield>
    <subfield code="b">NALT</subfield>
    <subfield code="c">GEN</subfield>
    <subfield code="d">2020-07-22</subfield>
    <subfield code="e">1</subfield>
    <subfield code="l">0</subfield>
    <subfield code="o">GN 855.T45 &#xE19;122 2562</subfield>
    <subfield code="p">3961211176</subfield>
    <subfield code="r">2020-08-10 00:00:00</subfield>
    <subfield code="w">2020-07-22</subfield>
    <subfield code="y">GB</subfield>
  </datafield>
</record>
